000 00432nam a2200169Ia 4500
005 20230513103643.0
008 131103s9999 xx 000 0 und d
040 _aLoreto College
041 _aEnglish
082 _a823.91
_bJOY
100 _aJoyce,James
245 2 _aA portrait of the artist as a young man
_cJames Joyce
260 _aHarmoundsworth
_bPenguin Book
_c1967
300 _a255 p.
850 _aLCLIB
942 _cBK
999 _c4861
_d55340